[Event "Groningen 2009 - Open A"]
[Site "Groningen NED"]
[Date "2009.12.26"]
[Round "5.18"]
[White "Sparenberg, Erik"]
[Black "Caspi, Israel"]
[Result "0-1"]
[WhiteElo "2072"]
[BlackElo "2423"]
[PlyCount "64"]
[EventDate "2009.12.21"]
[EventType "swiss"]
[EventRounds "9"]
[EventCountry "NED"]
[Source "lmi"]
[SourceDate "2009.12.21"]

1. e4 c5 2. Nf3 Nc6 3. d4 cxd4 4. Nxd4 Nf6 5. Nc3 d6 6. Be2 e5 7. Nf3 h6 8. Bc4
Be7 9. h3 O-O 10. O-O Na5 11. Bd3 Be6 12. Qe2 Rc8 13. Rd1 a6 14. a4 Qc7 15. Bd2
Nc4 16. Bc1 Rfd8 17. b3 Na5 18. Bb2 Nc6 19. Bc4 Nb4 20. Bxe6 fxe6 21. Rd2 Qa5
22. Rad1 Nc6 23. Kh2 Rc7 24. Nb1 Qb4 25. Re1 b5 26. axb5 axb5 27. Qe3 Qa5 28.
Nc3 Qa6 29. Ra1 Qb7 30. Ne2 Rdc8 31. g4 Nb4 32. c3 Nxe4 0-1

[Event "Groningen 2009 - Open A"]
[Site "Groningen NED"]
[Date "2009.12.26"]
[Round "5.19"]
[White "Wiel van der, John"]
[Black "Racherbaeumer, Marcel"]
[Result "1/2-1/2"]
[WhiteElo "2475"]
[BlackElo "2301"]
[PlyCount "41"]
[EventDate "2009.12.21"]
[EventType "swiss"]
[EventRounds "9"]
[EventCountry "NED"]
[Source "lmi"]
[SourceDate "2009.12.21"]

1. e4 c5 2. Nf3 e6 3. d4 cxd4 4. Nxd4 Nc6 5. Nc3 Qc7 6. Be2 a6 7. O-O Nf6 8.
Kh1 Nxd4 9. Qxd4 Bc5 10. Qd3 b5 11. Bg5 Bb7 12. f4 Bb4 13. Bxf6 gxf6 14. a4
Bxc3 15. bxc3 Rc8 16. axb5 axb5 17. Rad1 O-O 18. Qg3+ Kh8 19. Qh4 Bxe4 20. Bd3
Bg6 21. f5 1/2-1/2

[Event "Groningen 2009 - Open A"]
[Site "Groningen NED"]
[Date "2009.12.26"]
[Round "5.20"]
[White "Lyell, Mark"]
[Black "Theulings, Paul-Peter"]
[Result "0-1"]
[WhiteElo "2245"]
[BlackElo "2135"]
[PlyCount "136"]
[EventDate "2009.12.21"]
[EventType "swiss"]
[EventRounds "9"]
[EventCountry "NED"]
[Source "lmi"]
[SourceDate "2009.12.21"]

1. e4 Nf6 2. Nc3 e5 3. g3 d5 4. exd5 Nxd5 5. Bg2 Nxc3 6. bxc3 Bc5 7. Qh5 O-O 8.
Nf3 Nd7 9. O-O g6 10. Qh6 Re8 11. d4 Bf8 12. Qg5 Qxg5 13. Nxg5 h6 14. Nf3 exd4
15. cxd4 Bg7 16. Bf4 c6 17. Rfe1 Nf6 18. Rxe8+ Nxe8 19. Rb1 g5 20. Bd2 Nd6 21.
Bb4 Nb5 22. Rd1 Bg4 23. d5 c5 24. Bxc5 Nc3 25. Re1 Nxd5 26. Ne5 Be6 27. c4 Nb6
28. Bxb7 Rb8 29. Ba6 Bxe5 30. Rxe5 Nd7 31. Rxe6 fxe6 32. Bd4 e5 33. Be3 Rb1+
34. Kg2 Ra1 35. Bb5 Nf6 36. c5 Kf8 37. c6 Ne8 38. Bc5+ Kg7 39. Bxa7 Rxa2 40.
Bb8 Kf8 41. Bd3 Ra3 42. Be4 Ra5 43. Bf5 Rc5 44. Bd7 Ke7 45. Ba7 Rc4 46. Bb8 Nf6
47. Bf5 Rxc6 48. Bxe5 Rc5 49. f4 Nd7 50. Bxd7 Kxd7 51. Bg7 g4 52. Bxh6 Rc2+ 53.
Kg1 Ke6 54. h3 gxh3 55. g4 Kd5 56. Kh1 Ke4 57. f5 Rf2 58. Bg7 Kf4 59. Bd4 Rf1+
60. Kh2 Kxg4 61. f6 Rf4 62. Be5 Rf5 63. Bd4 Rd5 64. Bc3 Rc5 65. Bd4 Rc2+ 66.
Kh1 h2 67. f7 Kh3 68. Be3 Rb2 0-1

[Event "Groningen 2009 - Open A"]
[Site "Groningen NED"]
[Date "2009.12.26"]
[Round "5.21"]
[White "Mostertman, Milan"]
[Black "Paulet, Iozefina"]
[Result "1-0"]
[WhiteElo "2169"]
[BlackElo "2312"]
[PlyCount "69"]
[EventDate "2009.12.21"]
[EventType "swiss"]
[EventRounds "9"]
[EventCountry "NED"]
[Source "lmi"]
[SourceDate "2009.12.21"]

1. e4 c5 2. Nf3 d6 3. d4 cxd4 4. Nxd4 Nf6 5. Nc3 a6 6. Bc4 e6 7. Bb3 b5 8. Bg5
Be7 9. Qf3 Qb6 10. O-O-O Nbd7 11. h4 Nc5 12. h5 h6 13. Be3 Bb7 14. Qg3 O-O-O
15. Qxg7 Rh7 16. Qg3 Ncxe4 17. Nxe4 Nxe4 18. Nxe6 Qa5 19. Qg4 fxe6 20. Bxe6+
Kb8 21. Bf5 Bf6 22. Bxh7 Qb4 23. c3 Bxc3 24. bxc3 Qa3+ 25. Kc2 Qxa2+ 26. Kd3
Qc4+ 27. Kc2 Qa4+ 28. Kb2 b4 29. Bxe4 bxc3+ 30. Kxc3 Bxe4 31. Rb1+ Ka8 32. Rhc1
Qa5+ 33. Rb4 Qa3+ 34. Rb3 Qa5+ 35. Kb2 1-0

[Event "Groningen 2009 - Open A"]
[Site "Groningen NED"]
[Date "2009.12.26"]
[Round "5.22"]
[White "Slagter, David"]
[Black "Nabuurs, Joep"]
[Result "0-1"]
[WhiteElo "2108"]
[BlackElo "2191"]
[PlyCount "64"]
[EventDate "2009.12.21"]
[EventType "swiss"]
[EventRounds "9"]
[EventCountry "NED"]
[Source "lmi"]
[SourceDate "2009.12.21"]

1. e4 c5 2. f4 d5 3. exd5 Nf6 4. Bb5+ Nbd7 5. Nc3 a6 6. Bxd7+ Qxd7 7. Nf3 Nxd5
8. O-O Nxc3 9. bxc3 e6 10. Ne5 Qc7 11. Qg4 g6 12. c4 Bg7 13. Bb2 f6 14. Nd3 b5
15. Qh4 bxc4 16. Nf2 f5 17. Rab1 O-O 18. Bxg7 Qxg7 19. Rb6 Ra7 20. Rfb1 Rb7 21.
Rxb7 Bxb7 22. Nd1 Be4 23. Ne3 Qd4 24. Qe7 Bd5 25. h3 c3 26. Kh2 cxd2 27. Nxd5
exd5 28. Qe2 c4 29. Kg3 Kg7 30. Qe6 Rf7 31. Rd1 c3 32. a3 Qe4 0-1

[Event "Groningen 2009 - Open A"]
[Site "Groningen NED"]
[Date "2009.12.26"]
[Round "5.23"]
[White "Jellema, Yme Jan"]
[Black "Bijlsma, Nick"]
[Result "1/2-1/2"]
[WhiteElo "2193"]
[BlackElo "2075"]
[PlyCount "62"]
[EventDate "2009.12.21"]
[EventType "swiss"]
[EventRounds "9"]
[EventCountry "NED"]
[Source "lmi"]
[SourceDate "2009.12.21"]

1. e4 c5 2. Nf3 d6 3. d4 cxd4 4. Nxd4 Nf6 5. Nc3 Nc6 6. Bc4 Na5 7. Bd3 g6 8.
O-O Bg7 9. Kh1 O-O 10. f4 Bd7 11. f5 Rc8 12. Qe2 a6 13. a4 Qb6 14. Nf3 Nc6 15.
e5 dxe5 16. Nxe5 Nxe5 17. Qxe5 Ng4 18. Qxe7 Rfe8 19. Nd5 Nf2+ 20. Rxf2 Qxf2 21.
Be3 Qxe3 22. Qxe3 Rxe3 23. Nxe3 Bxb2 24. Rb1 Bd4 25. Nc4 Bxa4 26. fxg6 hxg6 27.
Nd6 Rc6 28. Nxb7 Bxc2 29. Rc1 Rc3 30. Bxa6 Ra3 31. Bf1 Ra1 1/2-1/2

[Event "Groningen 2009 - Open A"]
[Site "Groningen NED"]
[Date "2009.12.26"]
[Round "5.24"]
[White "Balje, Jan"]
[Black "Klein, David"]
[Result "0-1"]
[WhiteElo "2188"]
[BlackElo "2262"]
[PlyCount "58"]
[EventDate "2009.12.21"]
[EventType "swiss"]
[EventRounds "9"]
[EventCountry "NED"]
[Source "lmi"]
[SourceDate "2009.12.21"]

1. d4 Nf6 2. c4 g6 3. Nc3 Bg7 4. e4 d6 5. f3 O-O 6. Be3 c5 7. dxc5 dxc5 8. Qxd8
Rxd8 9. Bxc5 Nc6 10. Nge2 b6 11. Ba3 Bb7 12. Rd1 Rxd1+ 13. Nxd1 Nd7 14. b3 Nc5
15. Nf4 a5 16. Nd5 Nb4 17. Bxb4 axb4 18. Nxb4 e6 19. Kd2 Bf8 20. Kc3 f5 21.
exf5 gxf5 22. a4 Rd8 23. Be2 Be4 24. fxe4 Nxe4+ 25. Kc2 Rd2+ 26. Kb1 Rxe2 27.
Nc6 Rxg2 28. Ne3 Nc3+ 29. Kc1 Ba3# 0-1

[Event "Groningen 2009 - Open A"]
[Site "Groningen NED"]
[Date "2009.12.26"]
[Round "5.25"]
[White "Piasetski, Leon"]
[Black "Efroimski, Marsel"]
[Result "1/2-1/2"]
[WhiteElo "2269"]
[BlackElo "2150"]
[PlyCount "53"]
[EventDate "2009.12.21"]
[EventType "swiss"]
[EventRounds "9"]
[EventCountry "NED"]
[Source "lmi"]
[SourceDate "2009.12.21"]

1. Nf3 g6 2. d4 Nf6 3. c4 Bg7 4. Nc3 d5 5. cxd5 Nxd5 6. Bd2 O-O 7. e4 Nb6 8.
Be3 Be6 9. d5 Bg4 10. Qb3 e6 11. O-O-O exd5 12. exd5 N8d7 13. Be2 Nc8 14. h3
Bxf3 15. Bxf3 Nd6 16. Kb1 b5 17. Bd4 Bxd4 18. Rxd4 Qf6 19. Rhd1 Ne5 20. Ne4
Nxe4 21. Bxe4 Qxf2 22. d6 Rad8 23. R1d2 Qe1+ 24. Rd1 Qf2 25. R1d2 Qe1+ 26. Rd1
Qf2 27. R1d2 1/2-1/2

[Event "Groningen 2009 - Open A"]
[Site "Groningen NED"]
[Date "2009.12.26"]
[Round "5.26"]
[White "Rauw, Gert Jan"]
[Black "Haast, Anne"]
[Result "1/2-1/2"]
[WhiteElo "2070"]
[BlackElo "2251"]
[PlyCount "106"]
[EventDate "2009.12.21"]
[EventType "swiss"]
[EventRounds "9"]
[EventCountry "NED"]
[Source "lmi"]
[SourceDate "2009.12.21"]

1. e4 e5 2. Nf3 Nc6 3. Bb5 a6 4. Bxc6 dxc6 5. O-O f6 6. d4 exd4 7. Nxd4 c5 8.
Ne2 Qxd1 9. Rxd1 Bd7 10. Nbc3 O-O-O 11. Be3 Bd6 12. Bf4 Bxf4 13. Nxf4 Ne7 14.
Rd2 Nc6 15. Rad1 g5 16. Nfd5 Rhf8 17. Na4 c4 18. Ndb6+ cxb6 19. Nxb6+ Kc7 20.
Nxd7 Rf7 21. Nc5 Rxd2 22. Rxd2 Re7 23. f3 h5 24. Na4 Rf7 25. Nc3 b5 26. Nd5+
Kb7 27. Ne3 Kc7 28. Nf5 Rd7 29. Rxd7+ Kxd7 30. a3 a5 31. Ne3 Kd6 32. c3 Ne5 33.
Kf1 Nd3 34. Nd1 Kc5 35. Ke2 b4 36. axb4+ axb4 37. g3 Kb5 38. Ke3 Nxb2 39. Nxb2
bxc3 40. Nd1 Kb4 41. Kd4 c2 42. Nc3 c1=N 43. Nd5+ Kb3 44. f4 Ne2+ 45. Ke3 c3
46. Nxc3 Nxc3 47. e5 fxe5 48. fxg5 Kc4 49. g6 Kc5 50. g7 Nd5+ 51. Ke4 Kd6 52.
g8=N Ke6 53. h3 Nf6+ 1/2-1/2

[Event "Groningen 2009 - Open A"]
[Site "Groningen NED"]
[Date "2009.12.26"]
[Round "5.27"]
[White "Hertog ten, Hugo"]
[Black "Cako, Laszlo"]
[Result "1-0"]
[WhiteElo "2159"]
[BlackElo "2155"]
[PlyCount "95"]
[EventDate "2009.12.21"]
[EventType "swiss"]
[EventRounds "9"]
[EventCountry "NED"]
[Source "lmi"]
[SourceDate "2009.12.21"]

1. e4 e5 2. Nf3 Nc6 3. d4 exd4 4. Nxd4 Nf6 5. Nxc6 bxc6 6. e5 Qe7 7. Qe2 Nd5 8.
c4 Ba6 9. b3 g5 10. h4 Bg7 11. Bb2 Nf4 12. Qe3 h6 13. Nd2 Ng6 14. Nf3 g4 15. h5
gxf3 16. hxg6 fxg2 17. Bxg2 fxg6 18. O-O-O O-O-O 19. Qxa7 Qg5+ 20. Kb1 Bb7 21.
Bh3 Bxe5 22. Bc1 Qf6 23. Rhe1 g5 24. Bf1 Bc3 25. c5 Bxe1 26. Rxe1 Qf5+ 27. Ka1
Rde8 28. Ba6 Qf6+ 29. Kb1 Qf5+ 30. Ka1 Qf6+ 31. Kb1 Qf5+ 32. Kb2 Qxf2+ 33. Ka3
d6 34. Bxb7+ Kd7 35. Bxc6+ Kxc6 36. Qa6+ Kd5 37. Qc4+ Kc6 38. Qa6+ Kd5 39. Qb7+
c6 40. Rd1+ Ke4 41. Qxc6+ Kf5 42. Qd5+ Kg4 43. Rd4+ Kh5 44. Qh1+ Kg6 45. Rxd6+
Kf7 46. Qd5+ Kf8 47. Bb2 Qe1 48. Rf6+ 1-0

[Event "Groningen 2009 - Open A"]
[Site "Groningen NED"]
[Date "2009.12.26"]
[Round "5.28"]
[White "Groenewold, Jan Joris"]
[Black "Vergert ten, Paul"]
[Result "1-0"]
[WhiteElo "2145"]
[BlackElo "2071"]
[PlyCount "55"]
[EventDate "2009.12.21"]
[EventType "swiss"]
[EventRounds "9"]
[EventCountry "NED"]
[Source "lmi"]
[SourceDate "2009.12.21"]

1. d4 Na6 2. e4 c6 3. Nf3 g6 4. Be3 Bg7 5. h3 Nf6 6. Nfd2 Nc7 7. c4 O-O 8. Nc3
d6 9. g4 e5 10. d5 c5 11. Qf3 Bd7 12. Be2 a6 13. Qg2 b5 14. g5 Nfe8 15. h4 f5
16. gxf6 Bxf6 17. Nf3 b4 18. Nb1 Bg7 19. h5 gxh5 20. Rxh5 Nf6 21. Rg5 Rf7 22.
Nbd2 Nce8 23. O-O-O Ra7 24. Rh1 b3 25. a3 Bc8 26. Rg3 Rfc7 27. Ng5 h6 28. Rxh6
1-0

[Event "Groningen 2009 - Open A"]
[Site "Groningen NED"]
[Date "2009.12.26"]
[Round "5.29"]
[White "Warmelink, Evie"]
[Black "Hirth, Ulrich"]
[Result "0-1"]
[WhiteElo "1970"]
[BlackElo "2108"]
[PlyCount "88"]
[EventDate "2009.12.21"]
[EventType "swiss"]
[EventRounds "9"]
[EventCountry "NED"]
[Source "lmi"]
[SourceDate "2009.12.21"]

1. e4 g6 2. d4 Bg7 3. Nc3 c6 4. Be3 d5 5. Nf3 Bg4 6. Be2 Nf6 7. h3 Bxf3 8. Bxf3
e6 9. O-O O-O 10. Qd2 b5 11. e5 Nfd7 12. Be2 a6 13. f4 Qc7 14. Nd1 c5 15. c3 f5
16. g4 c4 17. Kh2 Nc6 18. Rg1 Ne7 19. Nf2 a5 20. Nh1 Rab8 21. Ng3 b4 22. gxf5
Nxf5 23. Nxf5 gxf5 24. Rg5 Kh8 25. Bh5 bxc3 26. bxc3 Nb6 27. Qf2 Na4 28. Qh4
Nxc3 29. Bg6 h6 30. Rag1 Rb2+ 31. Kh1 Rb1 32. Rxb1 Nxb1 33. Rg1 Nc3 34. Qf2 Ne4
35. Qg2 Rb8 36. Bh5 Rb7 37. Bc1 Qe7 38. Qf3 Qh4 39. Ba3 Qf2 40. Qxf2 Nxf2+ 41.
Kg2 Ne4 42. Kf3 Rb1 43. Rg6 Rh1 44. Kg2 Ra1 0-1

[Event "Groningen 2009 - Open A"]
[Site "Groningen NED"]
[Date "2009.12.26"]
[Round "5.30"]
[White "Potze, Rudolf"]
[Black "Thompson, Ian D"]
[Result "1-0"]
[WhiteElo "2132"]
[BlackElo "2266"]
[PlyCount "113"]
[EventDate "2009.12.21"]
[EventType "swiss"]
[EventRounds "9"]
[EventCountry "NED"]
[Source "lmi"]
[SourceDate "2009.12.21"]

1. e4 e6 2. d4 d5 3. e5 c5 4. c3 Nc6 5. Nf3 Bd7 6. a3 Nge7 7. Bd3 cxd4 8. cxd4
Qb6 9. Bc2 Nf5 10. Bxf5 exf5 11. Nc3 Be6 12. O-O Be7 13. Ne2 h6 14. Qd3 a5 15.
Bd2 a4 16. Bc3 Qa6 17. Qc2 Rc8 18. Ng3 g6 19. h4 f4 20. Ne2 g5 21. Rad1 Nd8 22.
Nh2 Qc6 23. Qd2 Qb5 24. Rfe1 Bf5 25. g4 fxg3 26. Nxg3 Bh3 27. Nh5 Ne6 28. Qe3
Bf5 29. Qf3 Be4 30. Nf6+ Bxf6 31. Qxf6 Rg8 32. h5 Nf4 33. Rxe4 dxe4 34. Ng4 Qe2
35. Ne3 Rc6 36. Qf5 Qf3 37. d5 Ne2+ 38. Kh2 Nxc3 39. bxc3 Rxc3 40. d6 Qxf5 41.
Nxf5 Kd7 42. Nxh6 Rf8 43. Rd4 e3 44. fxe3 Rxe3 45. Ng4 Re2+ 46. Kg3 Ke6 47. h6
Rxe5 48. Nxe5 Kxe5 49. Rxa4 f5 50. d7 f4+ 51. Kf3 g4+ 52. Kxg4 f3 53. Ra5+ Ke4
54. Rf5 Rg8+ 55. Rg5 Rd8 56. h7 Rf8 57. Rf5 1-0

[Event "Groningen 2009 - Open A"]
[Site "Groningen NED"]
[Date "2009.12.26"]
[Round "5.31"]
[White "Holm, Sejer"]
[Black "Herwaarden van, Arjen"]
[Result "1-0"]
[WhiteElo "2256"]
[BlackElo "2162"]
[PlyCount "119"]
[EventDate "2009.12.21"]
[EventType "swiss"]
[EventRounds "9"]
[EventCountry "NED"]
[Source "lmi"]
[SourceDate "2009.12.21"]

1. d4 e6 2. e3 f5 3. Bd3 Nf6 4. Nd2 b6 5. e4 Bb7 6. Qe2 Be7 7. Ngf3 fxe4 8.
Nxe4 Nxe4 9. Bxe4 Bxe4 10. Qxe4 c6 11. h4 Na6 12. Ng5 Qc7 13. Nxh7 O-O-O 14.
Ng5 Rdf8 15. Bd2 Rf5 16. Nf3 Qd8 17. g4 Rxf3 18. Qxf3 Bxh4 19. O-O-O Rf8 20.
Qd3 Nc7 21. f4 Nd5 22. Rdf1 Be7 23. c4 Nc7 24. Rh7 Rf7 25. Qg6 Qf8 26. Rfh1
Rxf4 27. Rh8 Rf1+ 28. Kc2 Rxh1 29. Rxf8+ Bxf8 30. Qf7 Rh8 31. Bf4 Kd8 32. Be5
Ne8 33. Bb8 Nd6 34. Bxd6 Bxd6 35. Qxg7 Rf8 36. g5 c5 37. d5 exd5 38. cxd5 Rf5
39. g6 Kc7 40. Qh7 Be5 41. g7 Rf2+ 42. Kd3 Bxg7 43. Qxg7 Rf1 44. Qe5+ Kb7 45.
Qe8 Rd1+ 46. Kc3 Rxd5 47. Qe4 Kc6 48. a4 a6 49. a5 b5 50. b3 Kd6 51. Qg6+ Ke5
52. Qxa6 b4+ 53. Kc4 d6 54. Qb7 Rd4+ 55. Kb5 c4 56. Qe7+ Kf5 57. bxc4 b3 58.
Qh7+ Ke5 59. Qb1 d5 60. c5 1-0

[Event "Groningen 2009 - Open A"]
[Site "Groningen NED"]
[Date "2009.12.27"]
[Round "6.1"]
[White "Reinderman, Dimitri"]
[Black "Giri, Anish"]
[Result "1/2-1/2"]
[WhiteElo "2575"]
[BlackElo "2585"]
[PlyCount "44"]
[EventDate "2009.12.21"]
[EventType "swiss"]
[EventRounds "9"]
[EventCountry "NED"]
[Source "lmi"]
[SourceDate "2009.12.21"]

1. c4 e5 2. g3 c6 3. d4 Bb4+ 4. Bd2 Bxd2+ 5. Qxd2 d6 6. Bg2 Nf6 7. Nc3 O-O 8.
e3 Be6 9. Rd1 Na6 10. b3 exd4 11. Qxd4 Qa5 12. Qd2 Nc7 13. Nge2 d5 14. cxd5
Ncxd5 15. Nxd5 Qxd2+ 16. Rxd2 Bxd5 17. O-O Bxg2 18. Kxg2 Rfd8 19. Rfd1 Rxd2 20.
Rxd2 Kf8 21. Nc3 Ke7 22. f4 Nd7 1/2-1/2

[Event "Groningen 2009 - Open A"]
[Site "Groningen NED"]
[Date "2009.12.27"]
[Round "6.2"]
[White "Greenfeld, Alon"]
[Black "Werle, Jan"]
[Result "1/2-1/2"]
[WhiteElo "2559"]
[BlackElo "2565"]
[PlyCount "31"]
[EventDate "2009.12.21"]
[EventType "swiss"]
[EventRounds "9"]
[EventCountry "NED"]
[Source "lmi"]
[SourceDate "2009.12.21"]

1. Nf3 Nf6 2. c4 b6 3. g3 Bb7 4. Bg2 e6 5. O-O Be7 6. d4 O-O 7. Re1 c6 8. e4 d5
9. e5 Ne4 10. h4 c5 11. cxd5 exd5 12. Nc3 Na6 13. Be3 f6 14. exf6 Bxf6 15. Ng5
Nxg5 16. hxg5 1/2-1/2

[Event "Groningen 2009 - Open A"]
[Site "Groningen NED"]
[Date "2009.12.27"]
[Round "6.3"]
[White "Nijboer, Friso"]
[Black "Swinkels, Robin"]
[Result "1/2-1/2"]
[WhiteElo "2561"]
[BlackElo "2500"]
[PlyCount "37"]
[EventDate "2009.12.21"]
[EventType "swiss"]
[EventRounds "9"]
[EventCountry "NED"]
[Source "lmi"]
[SourceDate "2009.12.21"]

1. e4 c5 2. Nf3 d6 3. d4 cxd4 4. Nxd4 Nf6 5. Nc3 Nc6 6. Bg5 Bd7 7. f3 Rc8 8.
Qd2 Nxd4 9. Qxd4 Qa5 10. h4 h6 11. Be3 a6 12. g4 e5 13. Qb6 Qxb6 14. Bxb6 d5
15. exd5 Ba3 16. Rb1 Bb4 17. Kf2 Bxc3 18. bxc3 Nxd5 19. c4 1/2-1/2

[Event "Groningen 2009 - Open A"]
[Site "Groningen NED"]
[Date "2009.12.27"]
[Round "6.4"]
[White "Ernst, Sipke"]
[Black "Nyzhnyk, Illya"]
[Result "0-1"]
[WhiteElo "2587"]
[BlackElo "2494"]
[PlyCount "96"]
[EventDate "2009.12.21"]
[EventType "swiss"]
[EventRounds "9"]
[EventCountry "NED"]
[Source "lmi"]
[SourceDate "2009.12.21"]

1. d4 Nf6 2. c4 g6 3. Nc3 Bg7 4. e4 d6 5. Nf3 O-O 6. Be2 e5 7. Be3 Ng4 8. Bg5
f6 9. Bc1 f5 10. Bg5 Qe8 11. dxe5 fxe4 12. Nxe4 Nxe5 13. O-O Nbc6 14. Re1 Qf7
15. Nxe5 Nxe5 16. Rc1 Bf5 17. Nc3 Be6 18. f3 h6 19. Bh4 Bxc4 20. Bxc4 Qxc4 21.
Re4 Qf7 22. Nd5 c6 23. Ne7+ Kh7 24. f4 d5 25. Rb4 Nc4 26. Rxb7 Qxf4 27. Bg3
Qe3+ 28. Kh1 Nxb2 29. Qc2 Nd3 30. Rg1 Rf6 31. Nxg6 Rxg6 32. Rb3 Bd4 33. Rd1 Rf8
34. Rbxd3 Qe4 35. Qb1 Rf2 36. Rf3 Qxb1 37. Rxb1 Rxa2 38. Rf4 Be5 39. Rf3 Bxg3
40. hxg3 Re6 41. Rb7+ Kg6 42. Rc7 h5 43. Kh2 Ra1 44. Rc8 Ree1 45. g4 h4 46.
Rxc6+ Kg5 47. Rf5+ Kxg4 48. Rxd5 Rh1# 0-1

[Event "Groningen 2009 - Open A"]
[Site "Groningen NED"]
[Date "2009.12.27"]
[Round "6.5"]
[White "Chadaev, Nikolai"]
[Black "Grover, Sahaj"]
[Result "1-0"]
[WhiteElo "2567"]
[BlackElo "2372"]
[PlyCount "81"]
[EventDate "2009.12.21"]
[EventType "swiss"]
[EventRounds "9"]
[EventCountry "NED"]
[Source "lmi"]
[SourceDate "2009.12.21"]

1. c4 e5 2. Nc3 Nf6 3. Nf3 Nc6 4. e3 Bb4 5. Qc2 Qe7 6. Nd5 Nxd5 7. cxd5 e4 8.
Ng1 Nd8 9. Qxc7 b6 10. a3 Bd6 11. Qc4 Bb7 12. Ne2 Rc8 13. Qb3 f5 14. Nc3 Nf7
15. d4 O-O 16. Bd2 Kh8 17. Nb5 Bb8 18. Bb4 Nd6 19. Bxd6 Bxd6 20. Nxa7 Ra8 21.
Nb5 f4 22. Nxd6 Qxd6 23. exf4 Rxf4 24. Bc4 Raf8 25. O-O Rh4 26. Qg3 Rff4 27. h3
Rh6 28. Rae1 Rg6 29. Qh2 h5 30. Re3 h4 31. Rfe1 Qf6 32. R1e2 Qf5 33. g4 hxg3
34. Rxg3 e3 35. Rexe3 Qb1+ 36. Bf1 Ba6 37. Qg2 Rxg3 38. Rxg3 Rxd4 39. Qf3 Kg8
40. Qf6 Qxf1+ 41. Kh2 1-0

[Event "Groningen 2009 - Open A"]
[Site "Groningen NED"]
[Date "2009.12.27"]
[Round "6.6"]
[White "Popilski, Gil"]
[Black "Brandenburg, Daan"]
[Result "0-1"]
[WhiteElo "2441"]
[BlackElo "2481"]
[PlyCount "88"]
[EventDate "2009.12.21"]
[EventType "swiss"]
[EventRounds "9"]
[EventCountry "NED"]
[Source "lmi"]
[SourceDate "2009.12.21"]

1. e4 c5 2. Nf3 e6 3. d4 cxd4 4. Nxd4 Nc6 5. Nc3 Qc7 6. f4 a6 7. Be3 b5 8. Nb3
d6 9. Bd3 Nf6 10. Qf3 Bb7 11. O-O-O O-O-O 12. Qe2 Nd7 13. Bxb5 axb5 14. Nxb5
Qb8 15. Qc4 Nc5 16. Nxc5 dxc5 17. Rxd8+ Kxd8 18. Rd1+ Ke8 19. Bxc5 Ba6 20. a4
Bxc5 21. Qxc5 Bxb5 22. axb5 Ne7 23. Rd6 Qc8 24. Qe3 f6 25. f5 exf5 26. b6 Kf7
27. Qb3+ Kg6 28. Qg3+ Kf7 29. e5 Re8 30. Qb3+ Kf8 31. exf6 Ng6 32. f7 Re1+ 33.
Kd2 Re7 34. Qd3 Qc5 35. Rd8+ Kxf7 36. Qd5+ Qxd5+ 37. Rxd5 Ke6 38. Rb5 Rb7 39.
c4 Ne5 40. c5 Nc6 41. Rb3 Kd5 42. Rc3 Re7 43. Kc2 Re2+ 44. Kb3 Rxg2 0-1

[Event "Groningen 2009 - Open A"]
[Site "Groningen NED"]
[Date "2009.12.27"]
[Round "6.7"]
[White "Burg, Twan"]
[Black "Kantans, Toms"]
[Result "0-1"]
[WhiteElo "2460"]
[BlackElo "2281"]
[PlyCount "148"]
[EventDate "2009.12.21"]
[EventType "swiss"]
[EventRounds "9"]
[EventCountry "NED"]
[Source "lmi"]
[SourceDate "2009.12.21"]

1. e4 c5 2. Nf3 Nf6 3. Nc3 Nc6 4. d4 d5 5. exd5 Nxd5 6. dxc5 Nxc3 7. Qxd8+ Kxd8
8. bxc3 f6 9. Be3 e5 10. Nd2 Kc7 11. Rb1 Ne7 12. Ne4 Nf5 13. Bd2 Be6 14. Rb2
Bd5 15. Bd3 Nh4 16. c4 Bc6 17. Ba5+ Kd7 18. O-O f5 19. Nd6 Bxd6 20. cxd6 Kxd6
21. Rd1 Ke6 22. f3 Rhe8 23. c5 Rh8 24. Rf1 Rhe8 25. Rd1 f4 26. Bc4+ Kf5 27. Kf2
g5 28. Rd6 g4 29. Bd3+ Kg5 30. Be4 Bxe4 31. fxe4 b6 32. cxb6 axb6 33. Bxb6 Ng6
34. c4 Ra4 35. Bd8+ Kh5 36. Rc2 Nf8 37. Bf6 Ne6 38. Rd5 Nd4 39. Rd2 Nc6 40. c5
Rxe4 41. Rd6 Rc8 42. R2d5 Ra8 43. Rd2 Nd4 44. Bxe5 Nf5 45. Bf6 g3+ 46. hxg3
fxg3+ 47. Kf3 Raa4 48. R6d4 Nxd4+ 49. Kxe4 Nb3+ 50. Rd4 Nxd4 51. Bxd4 Rxa2 52.
c6 Rxg2 53. Kf3 Rc2 54. Kxg3 Rxc6 55. Kg2 Kg4 56. Ba7 Rc2+ 57. Kh1 h5 58. Bd4
h4 59. Ba7 Kg3 60. Bb8+ Kh3 61. Ba7 Rc1+ 62. Bg1 Kg4 63. Kg2 h3+ 64. Kh1 Ra1
65. Kh2 Ra2+ 66. Kh1 Kg3 67. Bd4 h2 68. Be5+ Kh3 69. Bb2 Ra8 70. Bh8 Rd8 71.
Bd4 Rd5 72. Bg1 hxg1=Q+ 73. Kxg1 Rf5 74. Kh1 Rf1# 0-1

[Event "Groningen 2009 - Open A"]
[Site "Groningen NED"]
[Date "2009.12.27"]
[Round "6.8"]
[White "Meijers, Viesturs"]
[Black "Saravanan, Venkatachalam"]
[Result "1-0"]
[WhiteElo "2488"]
[BlackElo "2356"]
[PlyCount "81"]
[EventDate "2009.12.21"]
[EventType "swiss"]
[EventRounds "9"]
[EventCountry "NED"]
[Source "lmi"]
[SourceDate "2009.12.21"]

1. e4 c5 2. c3 Nf6 3. e5 Nd5 4. d4 cxd4 5. Nf3 Nc6 6. cxd4 d6 7. Bc4 Nb6 8. Bb5
dxe5 9. Nxe5 Bd7 10. Nxd7 Qxd7 11. Nc3 e6 12. O-O Be7 13. Qg4 O-O 14. Bh6 Qxd4
15. Qg3 Bh4 16. Bxg7 Bxg3 17. Bxd4 Bxh2+ 18. Kxh2 Nxd4 19. Bd3 f5 20. a4 a5 21.
Nb5 Rad8 22. Nxd4 Rxd4 23. Bb5 Kf7 24. Rac1 Nd5 25. Rfe1 Ke7 26. Bc4 Kd6 27. b3
Rf6 28. g3 e5 29. f4 Rh6+ 30. Kg1 Nxf4 31. gxf4 Rxf4 32. Rcd1+ Kc7 33. Rd2 e4
34. Rh2 Rxh2 35. Kxh2 Rf3 36. Kg2 Kd6 37. Rh1 f4 38. Rxh7 Ke5 39. Rd7 Kf5 40.
Rd5+ Kg4 41. Be2 1-0

[Event "Groningen 2009 - Open A"]
[Site "Groningen NED"]
[Date "2009.12.27"]
[Round "6.9"]
[White "Genov, Petar"]
[Black "Bok, Benjamin"]
[Result "1/2-1/2"]
[WhiteElo "2476"]
[BlackElo "2337"]
[PlyCount "59"]
[EventDate "2009.12.21"]
[EventType "swiss"]
[EventRounds "9"]
[EventCountry "NED"]
[Source "lmi"]
[SourceDate "2009.12.21"]

1. d4 Nf6 2. c4 g6 3. Nc3 d5 4. Bg5 Ne4 5. Bh4 Nxc3 6. bxc3 dxc4 7. Qa4+ c6 8.
Qxc4 Qa5 9. e3 Be6 10. Qb4 Qxb4 11. cxb4 Nd7 12. Nf3 Bd5 13. a3 Bg7 14. Be2 e5
15. O-O exd4 16. Nxd4 Bxd4 17. exd4 O-O 18. f3 Rfe8 19. Kf2 Rxe2+ 20. Kxe2 Bc4+
21. Kd2 Bxf1 22. Rxf1 Nb6 23. Re1 Nd5 24. b5 Kf8 25. bxc6 bxc6 26. Rb1 Nb6 27.
Rc1 Rc8 28. a4 Nxa4 29. Ra1 Nb6 30. Rxa7 1/2-1/2

[Event "Groningen 2009 - Open A"]
[Site "Groningen NED"]
[Date "2009.12.27"]
[Round "6.10"]
[White "Assendelft van, Floris"]
[Black "Podzielny, Karl-Heinz"]
[Result "1/2-1/2"]
[WhiteElo "2325"]
[BlackElo "2456"]
[PlyCount "88"]
[EventDate "2009.12.21"]
[EventType "swiss"]
[EventRounds "9"]
[EventCountry "NED"]
[Source "lmi"]
[SourceDate "2009.12.21"]

1. e4 c5 2. Nf3 e6 3. d4 cxd4 4. Nxd4 a6 5. Bd3 Nf6 6. O-O Qc7 7. Qe2 d6 8. c4
g6 9. Nc3 Bg7 10. Be3 Nbd7 11. f4 O-O 12. Kh1 Re8 13. Rac1 b6 14. b4 Bb7 15. a4
Rab8 16. Nb3 Ba8 17. Qa2 Qb7 18. a5 Ng4 19. Bg1 f5 20. exf5 gxf5 21. axb6 Nxb6
22. c5 Nd7 23. Nd4 Bxd4 24. Bxd4 Qxb4 25. Bxf5 Qxd4 26. Bxe6+ Kh8 27. Bxg4 Nxc5
28. Qc2 Nd3 29. Rcd1 Re3 30. Ne2 Bxg2+ 31. Kxg2 Qe4+ 32. Kg1 Rg8 33. Ng3 Qd4
34. Kh1 Rxg4 35. Qg2 h5 36. f5 h4 37. f6 Re8 38. f7 Rf8 39. Nf5 Rxg2 40. Nxd4
Rf2 41. Rg1 Ne5 42. Ne6 R8xf7 43. Ng5 Rd7 44. Rd4 Nf3 1/2-1/2